Weezer "El Scorcho" Lyrics - Statistics

General Stats
  • This quiz has been taken 277 times
  • The average score is 284 of 353
Answer Stats
Answer % Correct
go
98%
you
98%
You
98%
half
97%
I
97%
me
97%
the
97%
a
96%
Do
96%
do
96%
girls
96%
Japanese
96%
to
96%
it
95%
time
95%
And
94%
and
94%
every
94%
read
94%
I'm
93%
like
91%
that
89%
Goddamn
88%
said
88%
be
86%
of
86%
so
86%
So
86%
then
86%
baby
85%
for
85%
For
85%
good
85%
lot
85%
jello
84%
Day
83%
Green
83%
your
83%
concert
82%
is
82%
think
82%
with
82%
dance
81%
diary
81%
How
81%
never
81%
redhead
81%
them
81%
waiting
81%
heard
80%
Hello
80%
hello
80%
look
79%
please
79%
all
78%
asked
78%
cool
78%
enemy
78%
here
78%
I'd
78%
in
78%
Oh
78%
public
78%
room
78%
Why
78%
won't
78%
cello
77%
Come
76%
come
76%
on
76%
you'd
76%
went
75%
shred
73%
street
73%
talk
73%
over
72%
again
71%
But
71%
fall
71%
love
71%
my
70%
what
69%
head
68%
epitome
67%
can't
66%
down
66%
San
65%
stupid
65%
Cio
64%
gotta
63%
heart
63%
make
63%
say
63%
table
63%
about
62%
bacon
60%
home
60%
record
60%
bring
59%
Just
59%
just
59%
Listening
59%
don't
58%
know
58%
sing
58%
turkey
58%
Watching
57%
falling
56%
Cause
55%
eyes
55%
I'll
55%
out
55%
stopped
55%
team
55%
want
55%
shaking
54%
would
54%
ain't
53%
clean
53%
dream
53%
even
53%
fingernails
53%
keep
53%
press
53%
realize
53%
wanna
53%
maybe
51%
that's
51%
without
51%
faking
50%
minute
50%
scared
50%
you're
50%
get
49%
Grunge
49%
if
49%
give
48%
we'd
47%
sand
45%
could
44%
New
42%
wish
42%
leg
41%
Jack
39%
up
39%
drop
36%
through
35%
No matching quizzes found
Score Distribution
Percent of People with Each Score
Percentile by Number Answered
Your Score History
You have not taken this quiz